00720 2200241 4500001002100000005001500021035002000036007000300056008003900059082003100098084003700129100001600166245009700182260006800279300002900347650001100376650001000387310001000397856002900407321000600436022001400442990002200456INLIS00000000000725220250211015707 a0010-0225000019ta250211 | | |  a633.853.36:572.021;591.543 a633.853.36:572.021;591.543 AKU p0 aAKUBA, R.H.1 aPeta Kesesuaian Iklim Serta Kemungkinan Pengembangan Tanaman Kelapa di Maluku dan Irian Jaya aBogor :bPerpustakaan dan Penyebaran Teknologi Pertanian,c1991 a19p. :bilus ;c25 cme- 4aKelapa 4aIklim aN0.10 aPerpustakaan BPSIP JATIM a- a0215-8477 a58/2025/BSIPJATIM